|
|
|
|
| LEADER |
00000nam a2200000 a 4500 |
| 001 |
vtls011556205 |
| 003 |
SK-MaSNL |
| 005 |
20260301092225.0 |
| 008 |
240318s2016 xo g 000 0 slo |
| 015 |
|
|
|a SNBA2016/06
|
| 020 |
|
|
|a 9788081820182
|q (brož.)
|
| 035 |
|
|
|a 5CB20A41-EC97-4EE5-9FD4-FF666D600704
|
| 035 |
|
|
|a urn:nbn:sk:snk-amllqu
|
| 035 |
|
|
|a urn:nbn:sk:snk-am00bn7g
|
| 040 |
|
|
|a SNK
|b slo
|c SNK
|e AACR2
|
| 041 |
1 |
|
|a slo
|h eng
|
| 044 |
|
|
|a xo
|c SK
|
| 072 |
|
7 |
|a 316.4/.7
|x Sociálne interakcie
|2 konspekt
|
| 080 |
|
|
|a 316.46
|2 2011
|
| 080 |
|
|
|a (0.062)
|2 2011
|
| 100 |
1 |
|
|a Maxwell, John C.,
|d 1947-
|4 aut
|9 246175
|
| 240 |
1 |
0 |
|a Developing the leader within you
|l Slovensky
|
| 245 |
1 |
0 |
|a Rozviňte v sebe lídra
|b 21 nevyvrátiteľných zákonov líderstva
|c John C. Maxwell ; [preklad: Ján Dulla]
|
| 260 |
|
|
|a [Bratislava]
|b Citadella
|c 2016
|
| 300 |
|
|
|a 236 s.
|c 21 cm
|
| 650 |
0 |
7 |
|a vodcovstvo
|2 SNKPH
|9 4915
|
| 650 |
0 |
7 |
|a Leadership
|2 SNKPHeng
|9 306520
|
| 655 |
|
7 |
|a populárno-náučné publikácie
|2 SNKPH
|9 70460
|
| 655 |
|
7 |
|a Popular works
|2 SNKPHeng
|9 90287
|
| 700 |
1 |
|
|a Dulla, Ján
|c (prekladateľ)
|4 trl
|9 218812
|
| 852 |
|
|
|a Štátna vedecká knižnica v Banskej Bystrici
|
| 919 |
|
|
|a 978-80-8182-018-2
|
| 958 |
|
|
|a OP
|
| 968 |
|
|
|b ENG
|
| 999 |
|
|
|c 673293
|d 675223
|
| 952 |
|
|
|a SNK
|b SNK
|y PREZ
|7 0
|p 17A1197055
|o snkSC 170057
|i snk2016/13898
|8 0
|0 0
|1 0
|4 0
|d 2016-05-30
|f 1
|l 0
|r 2026-02-23 19:33:12
|w 2026-02-23
|
| 952 |
|
|
|a SNK
|b SNK
|y VYP
|7 0
|p 17A1197056
|o snkSC 170057 D1
|i snk2016/13899
|8 0
|0 0
|1 0
|4 0
|d 2016-05-30
|l 0
|r 2026-02-23 19:33:12
|w 2026-02-23
|